| 000 | 00878nam a22002417a 4500 | ||
|---|---|---|---|
| 001 | 47708 | ||
| 003 | BD-RjUL | ||
| 005 | 20211209054356.0 | ||
| 008 | 160810s1974 bg ||||| |||| 00| 0 ben d | ||
| 020 | _c: TK 24.00 | ||
| 035 | _a(BD-RjUL)47827 | ||
| 040 |
_aBD-RjUL _bben _cBD-RjUL |
||
| 041 | _aben | ||
| 082 |
_223 _a398.2 _bISF 1974 |
||
| 100 |
_aইসলাম, মযহারুল _9144922 |
||
| 245 | 1 | 0 |
_aফোকলোর পরিচিতি এবং লোকসাহিত্যের পঠন-পাঠন / _cমযহারুল ইসলাম |
| 250 | _a২য় সং | ||
| 260 |
_aঢাকা : _bবাংলা একাডেমী , _c১৯৭৪ |
||
| 300 |
_a[১৪], ৫৪৫ পৃ. ; _c২১ সেমি. |
||
| 650 |
_aলোকসাহিত্য _9144923 |
||
| 650 |
_aFolk Literature _9144924 |
||
| 942 |
_2ddc _cBK |
||
| 999 |
_c47708 _d47708 |
||